00265 a2200085 4500001000700000020001800007040003200025100002600057245009600083121505 a9788532635792 cEscola Canadense de Niteroi aMario Sergio Cortella10aQual é a tua Obra? - Inquietações Propositivas sobre Gestão, Liderança e Ética.